LDR 00602naa#a2200193#i#450# 001 EN\INFRA-M\bibl\49599 005 20260702151236.4 011 ## _a2587-6295 100 ## _a20220401b2022####ek#y0engy0150####ca 102 ## _aRU 200 1# _aCivil activity of Khabarovsk citizens in the prism of modern political events _eJournal article 210 1# _aMoscow _cINFRA-M Academic Publishing LLC. _d2022 215 ## _a10 с. 608 ## _aJournal article _2local 675 ## _aПолитика. 32 _z 700 #1 _aKlicenko _gMaksim V. 700 #1 _aSivolob _gA. B. 700 #1 _aYarulin _gIldus Fayzrahmanovich 856 4# _anaukaru.ru _u